01393nam a2200325 i 4500001000700000003000900007005001700016007000300033008004100036035002000077035001600097035001400113040003100127100004300158245006700201264009700268300005600365336002700421337003300448337003400481338003100515490005600546562009600602650004500698830005200743852010300795942001800898999001900916952013200935193732ES-MaACL20240209063133.0ta240207s1911||||fr a freb 000 0 fre d a(OCoLC)23412317 aocm23412317 a02196985X aABESbfreeAFNORcES-MaACL1 aFerroux, Georges,d18..-....; 923510010aEssais des machines à courant continu /cpar G. Ferroux .... 1aParis :bLibrairie des Sciences et de l'Industrie :bL. Geisler, imprimeur-éditeur,c1911. a195 páginas :bIlustraciones, diagramas ;c25 cm. btxt2rdacontentatexto bn2rdamediaasin mediación bn2isbdmediaasin mediación bnga2RDAfrCarrieravolumen1 aEncyclopédie électrotechnique ;v47e Fascicule  aOuvrage relié avec 3 autres documents de la collection "Encyclopédie électrotechnique 7aMáquinas de corriente continua9157493 9235039aEncyclopédie électrotechnique ;v47 aES-MaACLbR.M.82549201266jD-8708cSVIfSello en tinta en portada: "Ateneo de Madrid. Biblioteca" n0cMONOGRAFIA c193732d193732 00102udc4070aATENEOMbATENEOMcSVId2024-02-07iR.M.8254l0oD-8708p101206725r2024-02-07 00:00:00w2024-02-07yMONOGRAFIA